| 000 | 00434nam a2200181Ia 4500 | ||
|---|---|---|---|
| 001 | 11456 | ||
| 005 | 20260306162829.0 | ||
| 008 | 260306t1979||||xx |||||||||||||| ||spa|| | ||
| 041 | _aESP | ||
| 082 |
_a985.06 _bB26C |
||
| 100 |
_aBasadre, Jorge _eAUT |
||
| 245 | 0 | _aReflexiones en torno a la guerra de 1879 | |
| 260 | _c1979 | ||
| 300 |
_a541 páginas : _c21 cm. |
||
| 650 | _aGEN | ||
| 654 | _aCHU | ||
| 942 |
_cLIB _dJUS _fJUS _2ddc _n |
||
| 999 |
_c11456 _d11456 |
||